Normal view
MARC view
- Raghuvanshi, B S .
Entry Personal Name
001 - CONTROL NUMBER
- control field: 682
003 - CONTROL NUMBER IDENTIFIER
- control field: OSt
005 - DATE AND TIME OF LATEST TRANSACTION
- control field: 20160630103500.0
008 - FIXED-LENGTH DATA ELEMENTS
- fixed length control field: 160630|| aca||aabn | a|a d
040 ## - CATALOGING SOURCE
- Original cataloging agency: OSt
- Transcribing agency: OSt
100 ## - HEADING--PERSONAL NAME
- Personal name: Raghuvanshi, B S .
670 ## - SOURCE DATA FOUND
- Source citation: Work cat.: (OSt)10235: Raghuvanshi, B S ., Course in Workshop Technology, Vol,lI I(Machine tools) , 1998.
